Statistics for What Does It Stand For #2

Click here to take the quiz!

General Stats

  • This quiz has been taken 46 times
    (10 since last reset)
  • The average score is 7 of 21

Answer Stats

AbbreviationWhat It Stands For% Correct
Oct.October
100%
VPVice President
67%
BlvdBoulevard
56%
DIYDo It Yourself
56%
PMPrime Minister
56%
WHOWorld Health Organization
56%
Cal.Calories
44%
CEOChief Executive Officer
44%
Rev.Reverend
44%
HRHuman Resources
33%
Inst.Institute
33%
Ltd.Limited
33%
Oct.Octal
33%
NENebraska
22%
NENortheast
22%
Rev.Revolution
22%
GMOGenetically Modified Organism
11%
PMPrivate Message
11%
Rev.Book of Revelation
0%
NAACPNational Association for the Advancement of Colored People
0%
PMPost Meridiem
0%

Score Distribution

Percentile by Number Answered

Percent of People with Each Score

Your Score History

You have not taken this quiz since the last reset